000 00349 a2200169 4500
001 184707
020 _a85-322-1179-8
040 _cMagnum
100 _aQuintana, Mário
240 1 0 _aSapato furado
_lpor
245 1 0 _aSapato furado
300 _a32
362 0 _a1994
440 1 _aFTD
697 _aLITERATURA INFANTO-JUVENIL
942 _cBK
999 _c184707
_d184707